000 00545nam a2200169 i 4500
001 83259
003 ES-MaACL
007 t|
008 041116s1964 mx ||||1| spa d
245 0 0 _aIntegración de la América Latina
_b: experiencias y perspectivas /
_cpreparado por Miguel S. Wionczek.
250 _a[1ª ed.].
260 _aMéxico :
_bFondo de Cultura Económica,
_c[1964]
300 _aXXXI, 381 p. ;
_c21 cm.
700 1 _aWionczek, Miguel S.
_9117129
852 _aES-MaACL
_jE-6818
_bR.91397
852 _aES-MaACL
_jE-8359
_bR.92823
999 _c83259
_d83259